000
00293nam a22001337a 4500
008
171107b xxu||||| |||| 00| 0 eng d
020
_a
0256017808
041
_a
eng
080
_a
330.722.6
100
_a
62
101
_a
KON
245
_a
MANAGERIAL ACCOUNTING
_c
RAY.H.G
942
_2
udc
_c
BK
999
_c
38110
_d
38110